000 00408nam a2200169Ia 4500
005 20240417015441.0
008 240331s9999 xx 000 0 und d
020 _a0974883921
082 _bDOM
_a 320
245 0 _aDomains
260 _aNew York :
_bSouth Focus Press /
_c2004.
300 _a140 p .,
650 _aFeminism
650 _aLegal Studies
700 _aJeganathan, Pradeep.
_eedt
942 _cL
999 _c5648
_d5648